Place des grands hommes - Karaoké - Statistiques

Statistiques générales
  • Ce quiz a été pris 109 fois
  • Le résultat moyen est 141 sur 413
Réponses sur la Carte
Les réponses sont colorées sur une échelle allant du rouge au vert en fonction du pourcentage des utilisateurs qui les ont devinées à leur premier essai. Vous pouvez retrouver ces pourcentages ci-dessous.
 
Statistiques - réponses
Vers Mot % Correct
Vers 1 Le
99%
Vers 1 aussi
89%
Vers 1 est
89%
Vers 1 et
89%
Vers 1 jour
89%
Vers 1 moi
89%
Vers 1 venu
88%
Vers 2 être
81%
Vers 2 je
81%
Vers 2 le
81%
Vers 2 pas
81%
Vers 2 premier
81%
Vers 2 Mais
80%
Vers 2 veux
79%
Vers 3 Si
76%
Vers 3 on
73%
Vers 3 à
68%
Vers 3 et
68%
Vers 3 et
68%
Vers 3 si
68%
Vers 3 si
68%
Vers 3 dire
66%
Vers 3 rien
66%
Vers 3 plus
65%
Vers 3 se
65%
Vers 4 dans
64%
Vers 4 des
64%
Vers 4 détours
64%
Vers 4 fais
64%
Vers 4 Je
64%
Vers 4 le
64%
Vers 4 quartier
64%
Vers 3 n'avait
63%
Vers 5 C'est
60%
Vers 5 crépuscule
59%
Vers 5 de
59%
Vers 5 fou
59%
Vers 6 le
59%
Vers 5 printemps
59%
Vers 5 qu'un
59%
Vers 6 Rappelle
59%
Vers 5 ce
58%
Vers 6 crépuscule
58%
Vers 6 même
58%
Vers 6 ans
54%
Vers 6 dix
54%
Vers 6 a
53%
Vers 14 ans
51%
Vers 7 baissés
51%
Vers 14 dans
51%
Vers 14 dit
51%
Vers 14 dix
51%
Vers 15 jour
51%
Vers 7 les
51%
Vers 15 Même
51%
Vers 15 même
51%
Vers 14 On
51%
Vers 7 regards
51%
Vers 14 rendez-vous
51%
Vers 14 s'était
51%
Vers 8 années
50%
Vers 16 ans
50%
Vers 16 aura
50%
Vers 8 ce
50%
Vers 8 ces
50%
Vers 8 de
50%
Vers 17 de
50%
Vers 17 des
50%
Vers 17 grands
50%
Vers 15 heure
50%
Vers 17 hommes
50%
Vers 17 la
50%
Vers 17 les
50%
Vers 17 marches
50%
Vers 15 même
50%
Vers 16 On
50%
Vers 16 on
50%
Vers 7 par
50%
Vers 17 place
50%
Vers 16 quand
50%
Vers 8 que
50%
Vers 8 Qu'est
50%
Vers 17 Sur
50%
Vers 16 trente
50%
Vers 7 Trottoirs
50%
Vers 16 verra
50%
Vers 12 Combien
49%
Vers 10 dans
49%
Vers 13 deux
49%
Vers 10 dos
49%
Vers 8 fait
49%
Vers 8 j'ai
49%
Vers 12
49%
Vers 10 le
49%
Vers 10 le
49%
Vers 9 l'eau
49%
Vers 10 nagé
49%
Vers 9 pas
49%
Vers 10 pas
49%
Vers 13 Quatre
49%
Vers 12 seront
49%
Vers 9 sur
49%
Vers 9 tranquille
49%
Vers 13 trois
49%
Vers 13 un
49%
Vers 7 usés
49%
Vers 10 vent
49%
Vers 13 zéro
49%
Vers 11 Dernière
48%
Vers 11 droite
48%
Vers 9 flotté
48%
Vers 9 J'ai
48%
Vers 10 J'ai
48%
Vers 11 la
48%
Vers 11 ligne
48%
Vers 11 rue
48%
Vers 6 d'y
46%
Vers 11 Soufflot
46%
Vers 15 pommes
44%
Vers 26 pas
43%
Vers 26 T'as
43%
Vers 26 changé
41%
Vers 24 d'antiquités
41%
Vers 25 de
41%
Vers 24 Devant
41%
Vers 22 J'ai
41%
Vers 25 l'amitié
41%
Vers 26 qu'est
41%
Vers 26 tu
41%
Vers 24 une
41%
Vers 24 vitrine
41%
Vers 21 à
40%
Vers 23 allais
40%
Vers 19 belle
40%
Vers 26 ce
40%
Vers 21 de
40%
Vers 22 de
40%
Vers 18 d'elle
40%
Vers 26 deviens
40%
Vers 23 d'un
40%
Vers 19 elle
40%
Vers 21 en
40%
Vers 18 envie
40%
Vers 20 Eric
40%
Vers 18 eu
40%
Vers 20 explorer
40%
Vers 21 il
40%
Vers 18 J'avais
40%
Vers 23 je
40%
Vers 25 J'imagine
40%
Vers 23 j'y
40%
Vers 19 La
40%
Vers 21 la
40%
Vers 20 le
40%
Vers 22 le
40%
Vers 25 les
40%
Vers 19 me
40%
Vers 23 me
40%
Vers 22 miroir
40%
Vers 23 pas
40%
Vers 22 peu
40%
Vers 22 peur
40%
Vers 26 que
40%
Vers 19 regardera
40%
Vers 21 Remonte
40%
Vers 25 retrouvailles
40%
Vers 23 serais
40%
Vers 19 Séverine
40%
Vers 18 si
40%
Vers 23 Si
40%
Vers 23 soir
40%
Vers 18 souvent
40%
Vers 20 subconscient
40%
Vers 21 surface
40%
Vers 19 t
40%
Vers 21 t
40%
Vers 21 temps
40%
Vers 21 temps
40%
Vers 27 t'es
40%
Vers 22 traverser
40%
Vers 23 trompé
40%
Vers 27 Tu
40%
Vers 22 un
40%
Vers 20 voulait
40%
Vers 27 gamins
39%
Vers 27 t'as
39%
Vers 28 T'as
39%
Vers 27 trois
39%
Vers 29 Et
38%
Vers 28 fais
38%
Vers 29 marres
38%
Vers 28 médecin
38%
Vers 29 pour
38%
Vers 28 réussi
38%
Vers 29 rien
38%
Vers 29 te
38%
Vers 29 toi
38%
Vers 29 toujours
38%
Vers 28 tu
38%
Vers 29 tu
38%
Vers 29 Pascale
35%
Vers 31 On
34%
Vers 31 ans
33%
Vers 33 ans
33%
Vers 33 aura
33%
Vers 31 dans
33%
Vers 34 de
33%
Vers 34 des
33%
Vers 31 dix
33%
Vers 34 grands
33%
Vers 32 heure
33%
Vers 34 hommes
33%
Vers 32 jour
33%
Vers 34 la
33%
Vers 34 les
33%
Vers 34 marches
33%
Vers 27 mariée
33%
Vers 32 Même
33%
Vers 32 même
33%
Vers 32 même
33%
Vers 33 On
33%
Vers 33 on
33%
Vers 34 place
33%
Vers 33 quand
33%
Vers 34 Sur
33%
Vers 33 trente
33%
Vers 33 verra
33%
Vers 31 dit
31%
Vers 31 rendez-vous
31%
Vers 31 s'était
31%
Vers 32 pommes
30%
Vers 35 J'ai
28%
Vers 37 bourrasques
26%
Vers 38 Comme
26%
Vers 38 comme
26%
Vers 35 des
26%
Vers 37 des
26%
Vers 37 des
26%
Vers 37 et
26%
Vers 37 J'ai
26%
Vers 37 tempêtes
26%
Vers 38 vous
26%
Vers 30 Allez
25%
Vers 35 basses
25%
Vers 36 Comme
25%
Vers 36 comme
25%
Vers 36 comme
25%
Vers 38 comme
25%
Vers 35 connu
25%
Vers 35 des
25%
Vers 35 et
25%
Vers 35 hautes
25%
Vers 35 marées
25%
Vers 35 marées
25%
Vers 37 rencontré
25%
Vers 36 vous
25%
Vers 36 vous
25%
Vers 36 vous
25%
Vers 38 vous
25%
Vers 38 vous
25%
Vers 40 A
23%
Vers 40 a
23%
Vers 41 Et
23%
Vers 41 et
23%
Vers 41 et
23%
Vers 40 fait
23%
Vers 40 nouvelle
23%
Vers 40 place
23%
Vers 40 une
23%
Vers 41 vous
23%
Vers 41 vous
23%
Vers 41 vous
23%
Vers 42 ambitionnait
21%
Vers 39 amour
21%
Vers 44 As
21%
Vers 39 Chaque
21%
Vers 43 dans
21%
Vers 43 D'être
21%
Vers 42 Et
21%
Vers 45 Et
21%
Vers 43 heureux
21%
Vers 43 la
21%
Vers 42 Marco
21%
Vers 44 pari
21%
Vers 42 qui
21%
Vers 44 réussi
21%
Vers 42 simplement
21%
Vers 42 toi
21%
Vers 45 toi
21%
Vers 44 ton
21%
Vers 44 tu
21%
Vers 43 vie
21%
Vers 39 morte
20%
Vers 45 et
19%
Vers 45 et
19%
Vers 45 toi
19%
Vers 45 toi
19%
Vers 46 et
18%
Vers 45 Laurence
18%
Vers 48 On
18%
Vers 46 Et
16%
Vers 45 François
16%
Vers 49 On
16%
Vers 46 toi
16%
Vers 46 toi
16%
Vers 46 Bruno
15%
Vers 47 c'est
15%
Vers 50 Comme
15%
Vers 47 copains
15%
Vers 51 Dans
15%
Vers 48 dit
15%
Vers 52 D'une
15%
Vers 46 et
15%
Vers 47 Et
15%
Vers 47 formidable
15%
Vers 46 Gégé
15%
Vers 51 je
15%
Vers 48 la
15%
Vers 51 la
15%
Vers 51 le
15%
Vers 47 les
15%
Vers 48 main
15%
Vers 45 Marion
15%
Vers 48 on
15%
Vers 51 reflet
15%
Vers 48 se
15%
Vers 48 s'est
15%
Vers 46 toi
15%
Vers 48 tout
15%
Vers 51 vitrine
15%
Vers 51 vois
15%
Vers 53 à
14%
Vers 54 à
14%
Vers 49 ans
14%
Vers 56 ans
14%
Vers 54 attendez
14%
Vers 55 Attendez
14%
Vers 55 attendez
14%
Vers 55 attendez
14%
Vers 50 au
14%
Vers 54 c'est
14%
Vers 56 dans
14%
Vers 52 derrière
14%
Vers 56 dit
14%
Vers 49 dix
14%
Vers 56 dix
14%
Vers 54 droite
14%
Vers 53 elle
14%
Vers 50 étale
14%
Vers 53 gauche
14%
Vers 53 je
14%
Vers 57 jour
14%
Vers 53 la
14%
Vers 50 lettres
14%
Vers 52 lycéenne
14%
Vers 57 Même
14%
Vers 49 mettre
14%
Vers 52 moi
14%
Vers 54 moi
14%
Vers 55 moi
14%
Vers 55 moi
14%
Vers 55 moi
14%
Vers 49 ne
14%
Vers 50 on
14%
Vers 56 On
14%
Vers 53 part
14%
Vers 49 pas
14%
Vers 49 peut
14%
Vers 56 rendez-vous
14%
Vers 50 Scrabble
14%
Vers 48 serre
14%
Vers 50 ses
14%
Vers 56 s'était
14%
Vers 53 Si
14%
Vers 54 Si
14%
Vers 53 suivrai
14%
Vers 49 sur
14%
Vers 49 table
14%
Vers 58 ans
13%
Vers 58 aura
13%
Vers 47 bien
13%
Vers 59 des
13%
Vers 59 devenus
13%
Vers 59 est
13%
Vers 46 Evelyne
13%
Vers 59 grands
13%
Vers 57 heure
13%
Vers 57 même
13%
Vers 57 même
13%
Vers 58 On
13%
Vers 58 on
13%
Vers 59 on
13%
Vers 57 pommes
13%
Vers 58 quand
13%
Vers 59 Si
13%
Vers 58 trente
13%
Vers 58 verra
13%
Vers 60 Des
11%
Vers 60 des
11%
Vers 60 grands
11%
Vers 59 hommes
11%
Vers 60 hommes
11%
Vers 61 ans
10%
Vers 61 dans
10%
Vers 61 dix
10%
Vers 61 donnait
10%
Vers 60 grands
10%
Vers 60 hommes
10%
Vers 61 on
10%
Vers 61 rendez-vous
10%
Vers 61 se
10%
Vers 61 si
10%
Vers 61 Tiens
10%
Aucun quiz correspondant
Distribution des résultats
% des personnes avec chaque résultat
Percentile par nombre de réponses
Votre historique - résultats
Vous n’avez pas pris ce quiz